<?xml version="1.0" encoding="UTF-8"?>
<marc:record xmlns:marc="http://www.loc.gov/MARC21/slim">
   <marc:leader>00000nam a2200000 a 4500</marc:leader>
   <marc:datafield ind1="1" ind2=" " tag="100">
      <marc:subfield code="a">Bradbury, Ray</marc:subfield>
      <marc:subfield code="4">aut</marc:subfield>
      <marc:subfield code="e">Verfasser/-in</marc:subfield>
   </marc:datafield>
   <marc:datafield ind1=" " ind2=" " tag="653">
      <marc:subfield code="a">Fantasy</marc:subfield>
   </marc:datafield>
   <marc:datafield ind1=" " ind2=" " tag="653">
      <marc:subfield code="a">Science-fiction</marc:subfield>
   </marc:datafield>
   <marc:datafield ind1="0" ind2="0" tag="245">
      <marc:subfield code="a">Das Böse kommt auf leisen Sohlen. Roman.</marc:subfield>
   </marc:datafield>
   <marc:datafield ind1=" " ind2="1" tag="264">
      <marc:subfield code="a">Frankfurt/M.</marc:subfield>
      <marc:subfield code="b">Fischer</marc:subfield>
      <marc:subfield code="c">1969</marc:subfield>
   </marc:datafield>
   <marc:datafield ind1="1" ind2=" " tag="520">
      <marc:subfield code="a">Die phantastische Geschichte spielt in einer kleinen amerikanischen Stadt, in der plötzlich ein Jahrmarkt auftaucht. Heimliche, böse Wünsche nehmen Gestalt an, Traumfiguren tauchen unter den Passanten auf, scheinbar unmögliche Dinge werden Wirklichkeit. 2 Jungen beschließen, den Kampf gegen das Böse aufzunehmen.</marc:subfield>
   </marc:datafield>
   <marc:datafield ind1="0" ind2=" " tag="490">
      <marc:subfield code="v">0</marc:subfield>
   </marc:datafield>
   <marc:datafield ind1=" " ind2=" " tag="300">
      <marc:subfield code="a">184 S.</marc:subfield>
   </marc:datafield>
</marc:record>
